| 000 | 00331 a2200097 4500 | ||
|---|---|---|---|
| 001 | 33816 | ||
| 100 | _aNazir Ahmed, Deputy | ||
| 245 | _aDeputy Nazir Ahmed: Majmoogh- Ibnel Waqt, Tawbatul Nasooh, Banatul Nash, Fasanah Mubtelah, Miratul Uroos, Royai Sadiqa [Urdu] | ||
| 260 |
_aLahore _bSange Meel Pub _c2004 |
||
| 090 |
_c22470 _d22470 |
||
| 942 |
_aNUST-CAE _cM _c13859 |
||
| 999 |
_c268889 _d268889 |
||